000 01927nam a22003617a 4500
001 101795
003 KnowledgeUnlatched
005 20210303105259.0
006 m o d
007 cr u||||||||||
008 210129p20142018mau o u00| u eng d
037 _5BiblioBoard
245 0 0 _aBy Fables Alone
_bLiterature and State Ideology in Late Eighteenth- and Early Nineteenth-Century Russia /
_cAndrei Zorin, Marcus C. Levitt.
020 _a9781618116697
029 1 _ahttps://library.biblioboard.com/ext/api/media/f728d443-c25e-4cd3-a700-e66fc60d7151/assets/thumbnail.jpg
040 _aScCtBLL
_cScCtBLL
100 1 _aZorin, Andrei
_eauthor.
506 0 _aAccess copy available to the general public.
_fUnrestricted
_2star
700 1 _aLevitt, Marcus C.
_etranslator.
264 1 _bAcademic Studies Press,
300 _a1 online resource (420 p.)
520 _aAcademic Studies Press is proud to present this translation of Professor Andrei Zorin's seminal Kormya Dvuglavogo Orla. This collection of essays includes several that have never before appeared in English, including The People's War: The Time of Troubles in Russian Literature, 1806-1807 and Holy Alliances: V. A. Zhukovskii's Epistle To Emperor Alexander and Christian Universalism.
588 0 _aDescription based on print version record.
590 _aKU Open Services
650 7 _aLiterary Criticism / Russian & Former Soviet Union
_2bisacsh
650 0 _aLiterature
_xHistory and criticism
655 0 _aElectronic books.
758 _iIs found in:
_aKnowledge Unlatched
_1https://openresearchlibrary.org/module/2774bc74-146a-484f-a7ba-ab1d6a09bbfb
856 4 0 _uhttps://openresearchlibrary.org/content/f728d443-c25e-4cd3-a700-e66fc60d7151
_zView this content on Open Research Library.
_70
999 _c34057
_d34057